Ingeniería industrial: (Registro nro. 12697)

Detalles MARC
000 -Cabecera
Campo de control interno 00528nam a2200181Ia 4500
005 - Fecha y hora del registro
control field 20260306163000.0
008 - Elementos de Longitud Fija
fixed length control field 260306t2020||||xx |||||||||||||| ||spa||
041 ## - Idioma
Codigo Idioma ESP
082 ## - DEWEY y NOTACIÓN INTERNA
Dewey HR 670.42
Notación Interna N° 39 DIC 2020 II
110 ## - AUTOR INSTTITUCIONAL
Autor Institucional Universidad de Lima. Facultad de Ingeniería y Arquitectura
245 #0 - TÍTULO DE MATERIAL BIBLIOGRÁFICO
Título Ingeniería industrial:
Título paralelo revista de la Facultad de Ingeniería y Arquitectura
260 ## - CIUDAD, EDITORIAL, AÑO
Año 2020
300 ## - DESCRIPCIÓN
N° Páginas 239 páginas :
Dimensiones 25 cm.
650 ## - TEMAS
Temas Generalidades
654 ## - PROGRAMAS
Programa Dpto. Arquitectura y Urbanismo
942 ## - ELEMENTOS DE KOHA
Tipo de documento Revista
Nombre del creador Justo Noguera
Código de catalogador Justo Noguera
Esquema de clasificación Dewey Decimal Classification
Suppress in OPAC
Existencias
Codigo completo Registro Colección Copia número Disponibilidad Tipo de préstamo Biblioteca Actual Procedencia (Biblioteca) Ubicacón Fecha Ingreso Tipo de Adquisición Date last seen Total checkouts Price effective from Tipo de Item Estado del Material Fuente de Clasificación Damaged status Withdrawn status
HR 670.42 N° 39 DIC 2020 II 1074989 Universidad Católica San Pablo 1 Disponible Disponible Víctor Andrés Belaunde Víctor Andrés Belaunde Planta baja abierta 03/06/2026 Compra 06/03/2026   06/03/2026 Revista Bueno Dewey Decimal Classification